| Tag |
First Indicator |
Second Indicator |
Subfields |
| LEADER |
00000cam a2200000K 4500 |
| 001 |
in00003514521 |
| 006 |
m o d |
| 007 |
cr bn||||||abp |
| 007 |
cr bn||||||ada |
| 008 |
100323s1964 ne ob 000 0 eng d |
| 005 |
20260420211912.7 |
| 019 |
|
|
|a 609174068
|
| 020 |
|
|
|a 9789401196734 (electronic bk.)
|
| 020 |
|
|
|a 9401196737 (electronic bk.)
|
| 035 |
|
|
|a (OCoLC)567923809
|z (OCoLC)609174068
|
| 040 |
|
|
|a OCLCE
|b eng
|e pn
|c OCLCE
|d OCLCQ
|d OCLCO
|d OCLCQ
|d OCLCF
|d GW5XE
|d UtOrBLW
|
| 042 |
|
|
|a dlr
|
| 043 |
|
|
|a e-fr---
|
| 049 |
|
|
|a TXAM
|
| 050 |
|
4 |
|a DC252
|b .S94
|
| 050 |
|
4 |
|a B20.6
|b .F63 no. 7
|
| 082 |
0 |
4 |
|a 944
|b S973S
|
| 084 |
|
|
|a 02.01
|2 bcl
|
| 100 |
1 |
|
|a Swart, K. W.
|q (Koenraad Wolter)
|
| 245 |
1 |
4 |
|a The sense of decadence in nineteenth-century France /
|c [by] Koenraad W. Swart.
|
| 264 |
|
1 |
|a The Hague :
|b M. Nijhoff,
|c 1964.
|
| 300 |
|
|
|a 1 online resource (xi, 272 pages)
|
| 336 |
|
|
|a text
|b txt
|2 rdacontent
|
| 337 |
|
|
|a computer
|b c
|2 rdamedia
|
| 338 |
|
|
|a online resource
|b cr
|2 rdacarrier
|
| 490 |
1 |
|
|a International archives of the history of ideas ;
|v 7
|
| 504 |
|
|
|a Includes bibliographical references.
|
| 538 |
|
|
|a Master and use copy. Digital master created according to Benchmark for Faithful Digital Reproductions of Monographs and Serials, Version 1. Digital Library Federation, December 2002.
|u http://purl.oclc.org/DLF/benchrepro0212
|5 MiAaHDL
|
| 583 |
1 |
|
|a digitized
|c 2010
|h HathiTrust Digital Library
|l committed to preserve
|2 pda
|5 MiAaHDL
|
| 588 |
|
|
|a Description based on print version record.
|
| 500 |
|
|
|a Electronic resource.
|
| 651 |
|
0 |
|a France
|x History
|y 1789-1900.
|
| 651 |
|
0 |
|a France
|x Social conditions.
|
| 651 |
|
0 |
|a France
|x Intellectual life.
|
| 650 |
1 |
7 |
|a Decadentie.
|2 gtt
|
| 650 |
|
7 |
|a Intellectual life.
|2 fast
|0 (OCoLC)fst00975769
|
| 650 |
|
7 |
|a Social history.
|2 fast
|0 (OCoLC)fst01122498
|
| 651 |
|
7 |
|a France.
|2 fast
|0 (OCoLC)fst01204289
|
| 648 |
|
7 |
|a 1789 - 1900
|2 fast
|
| 655 |
|
7 |
|a Electronic books.
|2 local
|
| 710 |
2 |
|
|a SpringerLink (Online service)
|
| 776 |
1 |
8 |
|i Print version:
|a Swart, K.W. (Koenraad Wolter).
|t Sense of decadence in nineteenth-century France.
|d The Hague, M. Nijhoff, 1964
|w (DLC) 65005080
|w (OCoLC)507359
|
| 830 |
|
0 |
|a Archives internationales d'histoire des idées ;
|v 7.
|
| 856 |
4 |
0 |
|u http://proxy.library.tamu.edu/login?url=https://link.springer.com/10.1007/978-94-011-9673-4
|z Connect to the full text of this electronic book
|t 0
|
| 994 |
|
|
|a 92
|b TXA
|
| 999 |
|
|
|a MARS
|
| 999 |
f |
f |
|s 53026f5e-d905-3e1d-9eb6-f77c2981efea
|i 587599ec-3980-3ace-8c27-c33b97da17b2
|t 0
|
| 952 |
f |
f |
|a Texas A&M University
|b College Station
|c Electronic Resources
|s www_evans
|d Available Online
|t 0
|e B20.6 .F63 no. 7
|h Library of Congress classification
|
| 998 |
f |
f |
|a B20.6 .F63 no. 7
|t 0
|l Available Online
|